000
00273nam a22001337a 4500
082
_a
030
_b
BAR/G
100
_a
BARRETT
100
_a
WEINTROUB
245
_a
GERBILS
260
_a
LONDON
_b
FRANKLIN WATTS
300
_a
32
650
_a
GENERAL AWARENESS
_z
LONDON
942
_c
BK
999
_c
3089
_d
3089